000 00455nam a2200169Ia 4500
003 GCL
008 140319s9999 xx 000 0 ara d
040 _aGCL /
_cGCL
082 0 4 _a813.03
_bع ش
100 1 _aعبدالرحمن منيف
245 1 0 _aشرق المتوسط : رواية /
_cعبدالرحمن منيف
300 _a148 ص
490 _a
650 0 4 _aالادب العربى
650 0 4 _aالقصص العربية
942 _2ddc
_cBK
999 _c40854
_d40854